Indios y tributos en el Alto Perú
Guardat en:
| Autor principal: | |
|---|---|
| Format: | Llibre |
| Idioma: | espanyol |
| Publicat: |
Lima
Instituto de Estudios Peruanos
1978
|
| Col·lecció: | Historia andina, 6
|
| Matèries: | |
| Etiquetes: |
Afegir etiqueta
Sense etiquetes, Sigues el primer a etiquetar aquest registre!
|
MARC
| LEADER | 00000nam a2200000 a 4500 | ||
|---|---|---|---|
| 001 | UCO3268 | ||
| 003 | CL-VaPUC | ||
| 008 | 000714e19780000PE |||||||||||||||||spa|d | ||
| 082 | 0 | 4 | |a 985.03 |b SAN |2 21 |
| 100 | 0 | |a Sánchez-Albornoz, Nicolás |e author |9 447302 | |
| 245 | 1 | 0 | |a Indios y tributos en el Alto Perú |
| 300 | |a 224 p | ||
| 942 | |c BK | ||
| 945 | |d 20000714 00:00:00 |a rherrera | ||
| 260 | |a Lima |b Instituto de Estudios Peruanos |c 1978 | ||
| 650 | 0 | |a Historia de Perú |9 316239 | |
| 650 | 0 | |a Periodo Colonial |9 257430 | |
| 650 | 7 | |a ECONOMIA COLONIAL |2 CL-VaPUC |9 429051 | |
| 650 | 0 | |a Tributos |9 371831 | |
| 650 | 0 | |a Indios de América del Sur |9 255272 | |
| 650 | 7 | |a SIGLOS 18-19 |2 CL-VaPUC |9 378155 | |
| 651 | 0 | |a Perú |9 256567 | |
| 583 | |a last modification |c 20000714 00:00:00 |k Rodrigo Vera | ||
| 490 | 0 | |a Historia andina, 6 | |
| 999 | |c 289736 |d 289734 | ||
| 952 | |0 0 |1 0 |4 0 |6 985_030000000000000_SAN_1978 |7 0 |8 A |9 338355 |a BIBHIS |b BIBHIS |d 2019-11-20 |i 1297376 |o 985.03 SAN 1978 |p 1297376 |r 2025-01-20 |w 2019-11-20 |y BK |k HIS | ||